A Feasibility on the establishment of Bisan Asa Bistro in Brgy. Suba, Bayawan City, Negros Oriental / (Record no. 5749)

MARC details
000 -LEADER
fixed length control field 03017naa a2200349Ia 4500
003 - CONTROL NUMBER IDENTIFIER
control field OSt
005 - DATE AND TIME OF LATEST TRANSACTION
control field 20260416141753.0
008 - FIXED-LENGTH DATA ELEMENTS--GENERAL INFORMATION
fixed length control field 260416s2017 xx 000 0 und d
040 ## - CATALOGING SOURCE
Original cataloging agency Foundation University
Language of cataloging Eng
Transcribing agency Foundation University
Description conventions rda
050 ## - LIBRARY OF CONGRESS CALL NUMBER
Classification number CBA (MgtAcct-FS) LG 221 D35 B87
Item number A5 B87 M36 2018 A77
099 ## - LOCAL FREE-TEXT CALL NUMBER (OCLC)
Classification number 799
100 ## - MAIN ENTRY--PERSONAL NAME
Personal name Arquio, Christine Jane B
9 (RLIN) 1517
Relator term author.
245 10 - TITLE STATEMENT
Title A Feasibility on the establishment of Bisan Asa Bistro in Brgy. Suba, Bayawan City, Negros Oriental /
Statement of responsibility, etc. by Christine Jane B. Aquio, Shizah S. Calog, Nelle Eloise Yasmin A. Mosquera and Junneth S. Pacaña
264 ## - PRODUCTION, PUBLICATION, DISTRIBUTION, MANUFACTURE, AND COPYRIGHT NOTICE
Place of production, publication, distribution, manufacture Dumaguete City
Name of producer, publisher, distributor, manufacturer Foundation Uiniversity,
Date of production, publication, distribution, manufacture, copy right date 2018.
Copyright Date 2018.
300 ## - PHYSICAL DESCRIPTION
Extent xi, 166 leaves :
Other physical details ill. (chiefly color) ;
Dimensions 28 cm.
Materials specified volume
Type of unit resource
336 ## - CONTENT TYPE
Source rdacontent
Content type term text
Content type code txt
337 ## - MEDIA TYPE
Source rdamedia
Media type term unmediated
Media type code n
338 ## - CARRIER TYPE
Materials specified rdacarrier
Carrier type term volume
Carrier type code nc
502 ## - DISSERTATION, THESIS NOTE
Master's Degree Note Undergraduate feasibility (BS in Administration Major in Management Accounting) - - Foundation University, 2017.
504 ## - BIBLIOGRAPHY, ETC. NOTE
Bibliography, etc. note Includes bibliographical references and appendices.
520 ## - ABSTRACT, SUMMARY, ETC.
Abstract, Summary, etc. Abstract<br/>ABSTRACT<br/>The main objective of the study is to determine if the proposed business is<br/>feasible when established in Bayawan, Negros Oriental. Moreover, the study deals deeply<br/>with the marketing, management, technical, financial and socioeconomic aspects of the<br/>business. These aspects serve as the foundation of the business.<br/>The method used in gathering information was disseminating survey<br/>questionnaires to the four hundred (400) respondents as the sample size of the total<br/>population of two hundred twenty thousand two hundred twenty-two (220,222). The<br/>sampling technique applied was Slovin's formula.<br/>The results showed that there is the presence of demand as shown on the survey<br/>depicted in the marketing aspects that there is ninety-seven point twenty-five percent<br/>(97.25) of the respondents who are willing to patronize a Bistro. The job analysis is<br/>developed under the management aspect in order to clearly state the duties and<br/>responsibilities of each employee. All equipment and supplies are determined in the<br/>technical aspect. Financial projections are as well favorable for the business with<br/>approximately less than five years on the return of investment. The business provides<br/>social responsibilities as way of giving back to its stakeholders.
650 ## - SUBJECT ADDED ENTRY--TOPICAL TERM
Topical term or geographic name entry element Restaurants
Geographic subdivision Philippines
9 (RLIN) 15507
650 ## - SUBJECT ADDED ENTRY--TOPICAL TERM
Topical term or geographic name entry element Food service
Geographic subdivision Philippines.
9 (RLIN) 15508
650 ## - SUBJECT ADDED ENTRY--TOPICAL TERM
Topical term or geographic name entry element Small business
Geographic subdivision Philippines
9 (RLIN) 15509
650 ## - SUBJECT ADDED ENTRY--TOPICAL TERM
Topical term or geographic name entry element Feasibility studies.
9 (RLIN) 13723
651 ## - SUBJECT ADDED ENTRY--GEOGRAPHIC NAME
Geographic name Bayawan City (Philippines)
9 (RLIN) 15528
658 ## - INDEX TERM--CURRICULUM OBJECTIVE
Main curriculum objective Project Feasibility Study :
Subordinate curriculum objective Administration Major Management Accounting, Bachelor of Science in ;
Curriculum code MAC402
700 ## - ADDED ENTRY--PERSONAL NAME
Personal name Calog, Shizah S.
Relator term co-author
9 (RLIN) 15510
700 ## - ADDED ENTRY--PERSONAL NAME
Personal name Mosquera, Nelle Eloise Yasmin A.
Relator term co-author
9 (RLIN) 15511
700 ## - ADDED ENTRY--PERSONAL NAME
Personal name Pacaña, Juneth
Relator term co-author
9 (RLIN) 15512
942 ## - ADDED ENTRY ELEMENTS (KOHA)
Source of classification or shelving scheme Library of Congress Classification
Koha item type Feasibility Study
Classification part LG 221 D35 B87
Item part A5 B87 M36 2018 A77
Call number prefix CBA (MgtAcct-FS)
Holdings
Withdrawn status Lost status Source of classification or shelving scheme Damaged status Not for loan Home library Current library Shelving location Date acquired Source of acquisition Total Checkouts Full call number Barcode Date last seen Price effective from Koha item type Accession Number
    Library of Congress Classification     Foundation University Library Foundation University Library Undergraduate Thesis 04/16/2026 Donated   CBA (MgtAcct-FS) LG 221 D35 B87 A5 B87 M36 2018 A77 c.1 61544 04/16/2026 04/16/2026 Feasibility Study MgtAcct-FS-2026004
    Library of Congress Classification     Foundation University Library Foundation University Library Undergraduate Thesis 04/16/2026 Donated   CBA (MgtAcct-FS) LG 221 D35 B87 A5 B87 M36 2018 A77 c.2 61545 04/16/2026 04/16/2026 Feasibility Study MgtAcct-FS-2026005